Introduction to Economics & Finance (Record no. 2608)

MARC details
000 -LEADER
fixed length control field 00388nam a2200145Ia 4500
008 - FIXED-LENGTH DATA ELEMENTS--GENERAL INFORMATION
fixed length control field 230312s9999||||xx |||||||||||||| ||und||
082 ## - DEWEY DECIMAL CLASSIFICATION NUMBER
Classification number 332
Item number KHA
100 ## - MAIN ENTRY--PERSONAL NAME
Personal name Khawaja Abdul Haleem
245 #0 - TITLE STATEMENT
Title Introduction to Economics & Finance
260 ## - PUBLICATION, DISTRIBUTION, ETC.
Name of publisher, distributor, etc. Khawaja & Khawaja
Place of publication, distribution, etc. Lahore
Date of publication, distribution, etc. 2004
300 ## - PHYSICAL DESCRIPTION
Extent 392
546 ## - LANGUAGE NOTE
Language note Eng.
650 ## - SUBJECT ADDED ENTRY--TOPICAL TERM
Topical term or geographic name entry element Economics
Form subdivision Basic Concepts , Micro Economics
942 ## - ADDED ENTRY ELEMENTS (KOHA)
Koha item type BOOK

No items available.

Powered by Koha